[Event "RUS-ch Men Blitz 2019"]
[Site "Sochi"]
[Date "2019.10.17"]
[Round "11.21"]
[White "Gutenev, Alexander"]
[Black "Remizov, Yaroslav"]
[Result "1/2-1/2"]
[WhiteElo "2469"]
[BlackElo "2394"]
[Annotator "ChessBase"]
[PlyCount "102"]
[EventDate "2019.10.17"]
[EventType "swiss"]
[EventCountry "RUS"]
[SourceTitle "playchess.com"]
[Source "ChessBase"]
[SourceQuality "1"]
[TimeControl "180+2"]

1. e4 d6 2. d4 {[%emt 0:00:00]} Nf6 {[%emt 0:00:00]} 3. Nc3 {[%emt 0:00:01]} Nbd7 {[%emt 0:00:00]} 4. Nf3 {[%emt 0:00:01]} e5 {[%emt 0:00:00]} 5. Bc4 {[%emt 0:00:04]} Be7 {[%emt 0:00:01]} 6. O-O {[%emt 0:00:02]} O-O {[%emt 0:00:02]} 7. h3 {[%emt 0:00:02]} c6 {[%emt 0:00:01]} 8. a4 {[%emt 0:00:01]} h6 {[%emt 0:00:19]} 9. Re1 {[%emt 0:00:10]} Re8 {[%emt 0:00:01]} 10. Ba2 {[%emt 0:00:10]} Bf8 {[%emt 0:00:09]} 11. dxe5 Nxe5 {[%emt 0:00:15]} 12. Nd4 {[%emt 0:00:05]} g6 {[%emt 0:01:04]} 13. Be3 {[%emt 0:00:09]} Bg7 {[%emt 0:00:30]} 14. f4 {[%emt 0:00:02]} Ned7 {[%emt 0:00:11]} 15. Bf2 {[%emt 0:00:11]} Nc5 {[%emt 0:00:17]} 16. Qf3 {[%emt 0:00:28]} Ne6 {[%emt 0:00:09]} 17. Rad1 {[%emt 0:00:02]} Qc7 {[%emt 0:00:01]} 18. Nde2 {[%emt 0:00:12]} g5 {[%emt 0:00:14]} 19. f5 {[%emt 0:00:55]} g4 {[%emt 0:00:00]} 20. Qd3 {[%emt 0:00:26]} Ng5 {[%emt 0:00:04]} 21. Ng3 {[%emt 0:00:01]} gxh3 {[%emt 0:00:03]} 22. Qxd6 {[%emt 0:00:02]} Qxd6 {[%emt 0:00:05]} 23. Rxd6 {[%emt 0:00:01]} hxg2 {[%emt 0:00:03]} 24. Kxg2 {[%emt 0:00:07]} Ng4 {[%emt 0:00:01]} 25. Bd4 {[%emt 0:00:15]} Bf8 {[%emt 0:00:06]} 26. Bc5 {[%emt 0:00:03]} Bxd6 {[%emt 0:00:01]} 27. Bxd6 {[%emt 0:00:01]} Bd7 {[%emt 0:00:08]} 28. e5 {[%emt 0:00:01]} Rad8 {[%emt 0:00:02]} 29. Bc7 {[%emt 0:00:02]} Rc8 {[%emt 0:00:01]} 30. Bd6 {[%emt 0:00:01]} Rcd8 {[%emt 0:00:02]} 31. Nce4 {[%emt 0:00:08]} Kg7 {[%emt 0:00:07]} 32. Nh5+ {[%emt 0:00:05]} Kh8 {[%emt 0:00:01]} 33. Nef6 {[%emt 0:00:01]} Bxf5 {[%emt 0:00:01]} 34. Nxe8 {[%emt 0:00:03]} Rxe8 {[%emt 0:00:01]} 35. Ng3 {[%emt 0:00:04]} Bxc2 {[%emt 0:00:01]} 36. e6 {[%emt 0:00:10]} Nxe6 {[%emt 0:00:04]} 37. Nh5 {[%emt 0:00:04]} Bg6 {[%emt 0:00:02]} 38. Rh1 {[%emt 0:00:03]} Bxh5 {[%emt 0:00:02]} 39. Rxh5 {[%emt 0:00:01]} Kg7 {[%emt 0:00:02]} 40. Ra5 {[%emt 0:00:02]} a6 {[%emt 0:00:00]} 41. Rf5 {[%emt 0:00:00]} Ng5 {[%emt 0:00:04]} 42. Rf4 {[%emt 0:00:04]} Nf6 {[%emt 0:00:04]} 43. Bb4 {[%emt 0:00:01]} Re2+ {[%emt 0:00:01]} 44. Kf1 {[%emt 0:00:01]} Rxb2 {[%emt 0:00:01]} 45. Bc3 {[%emt 0:00:02]} Rxa2 46. Bxf6+ Kg6 47. Bc3 {[%emt 0:00:02]} f5 {[%emt 0:00:03]} 48. Rd4 {[%emt 0:00:01]} Ne4 {[%emt 0:00:01]} 49. Bb4 {[%emt 0:00:01]} Rxa4 {[%emt 0:00:01]} 50. Ke2 {[%emt 0:00:02]} c5 {[%emt 0:00:01]} 51. Bxc5 {[%emt 0:00:01]} Ra2+ {[%emt 0:00:01]} 1/2-1/2

[Event "RUS-ch Men Blitz 2019"]
[Site "Sochi"]
[Date "2019.10.17"]
[Round "11.22"]
[White "Goltsev, Dmitry"]
[Black "Sadovsky, Artem"]
[Result "1-0"]
[WhiteElo "2309"]
[BlackElo "2411"]
[Annotator "NA"]
[PlyCount "147"]
[EventDate "2019.10.17"]
[EventType "swiss"]
[EventCountry "RUS"]
[SourceTitle "playchess.com"]
[Source "ChessBase"]
[SourceQuality "1"]
[TimeControl "180+2"]

1. e4 {[%emt 0:00:00]} g6 {[%emt 0:00:00]} 2. Nf3 {[%emt 0:00:00]} Bg7 {[%emt 0:00:00]} 3. d4 d6 {[%emt 0:00:02]} 4. Nc3 {[%emt 0:00:02]} e5 {[%emt 0:00:01]} 5. dxe5 {[%emt 0:00:02]} dxe5 {[%emt 0:00:01]} 6. Qxd8+ Kxd8 {[%emt 0:00:01]} 7. Bc4 {[%emt 0:00:03]} f6 {[%emt 0:00:01]} 8. Be3 {[%emt 0:00:03]} Nd7 {[%emt 0:00:02]} 9. O-O-O {[%emt 0:00:02]} Bh6 {[%emt 0:00:01]} 10. Rhe1 {[%emt 0:00:03]} c6 {[%emt 0:00:03]} 11. Bxg8 {[%emt 0:00:07]} Bxe3+ {[%emt 0:00:02]} 12. Rxe3 {[%emt 0:00:01]} Rxg8 {[%emt 0:00:01]} 13. Red3 {[%emt 0:00:03]} Ke7 {[%emt 0:00:04]} 14. h3 {[%emt 0:00:19]} Nc5 {[%emt 0:00:04]} 15. R3d2 {[%emt 0:00:01]} a5 {[%emt 0:00:01]} 16. Ne1 {[%emt 0:00:12]} Be6 {[%emt 0:00:23]} 17. Nd3 {[%emt 0:00:02]} Nxd3+ {[%emt 0:00:05]} 18. Rxd3 {[%emt 0:00:04]} b5 {[%emt 0:00:21]} 19. a4 {[%emt 0:01:06]} b4 {[%emt 0:00:05]} 20. Nb1 {[%emt 0:00:01]} c5 {[%emt 0:00:17]} 21. Rd6 {[%emt 0:00:18]} Rgc8 {[%emt 0:00:11]} 22. Rb6 {[%emt 0:00:04]} Rab8 {[%emt 0:00:19]} 23. Ra6 {[%emt 0:00:01]} Ra8 {[%emt 0:00:29]} 24. Rdd6 {[%emt 0:00:05]} Bc4 {[%emt 0:00:31]} 25. Rab6 {[%emt 0:00:07]} Rab8 {[%emt 0:00:04]} 26. Rxf6 {[%emt 0:00:03]} Rxb6 {[%emt 0:00:08]} 27. Rxb6 {[%emt 0:00:02]} Bf1 {[%emt 0:00:01]} 28. Rb7+ {[%emt 0:00:08]} Kf6 {[%emt 0:00:03]} 29. g3 {[%emt 0:00:02]} Bxh3 {[%emt 0:00:16]} 30. Rxh7 {[%emt 0:00:01]} Bg2 {[%emt 0:00:02]} 31. Nd2 {[%emt 0:00:04]} c4 {[%emt 0:00:03]} 32. c3 {[%emt 0:00:02]} Rd8 {[%emt 0:00:08]} 33. Nxc4 {[%emt 0:00:07]} Bxe4 {[%emt 0:00:04]} 34. cxb4 {[%emt 0:00:02]} axb4 {[%emt 0:00:02]} 35. Rh4 {[%emt 0:00:16]} Bd3 {[%emt 0:00:05]} 36. Nd2 {[%emt 0:00:03]} Rc8+ {[%emt 0:00:01]} 37. Kd1 {[%emt 0:00:01]} b3 {[%emt 0:00:05]} 38. Rb4 {[%emt 0:00:01]} Rh8 {[%emt 0:00:04]} 39. Nxb3 {[%emt 0:00:03]} Rh1+ {[%emt 0:00:02]} 40. Kd2 {[%emt 0:00:01]} Bf5 41. Nc5 {[%emt 0:00:03]} Rh2 {[%emt 0:00:06]} 42. Ke3 {[%emt 0:00:01]} Rh1 {[%emt 0:00:00]} 43. a5 {[%emt 0:00:01]} Re1+ {[%emt 0:00:03]} 44. Kd2 {[%emt 0:00:01]} Rf1 {[%emt 0:00:01]} 45. Ke2 {[%emt 0:00:01]} Rc1 {[%emt 0:00:01]} 46. Rb5 {[%emt 0:00:11]} e4 {[%emt 0:00:03]} 47. a6 {[%emt 0:00:01]} Bg4+ {[%emt 0:00:02]} 48. Ke3 {[%emt 0:00:02]} Re1+ {[%emt 0:00:01]} 49. Kd4 {[%emt 0:00:02]} Bf3 {[%emt 0:00:05]} 50. Ra5 {[%emt 0:00:01]} Rd1+ {[%emt 0:00:02]} 51. Kc3 {[%emt 0:00:03]} Rf1 {[%emt 0:00:02]} 52. a7 {[%emt 0:00:02]} e3 {[%emt 0:00:02]} 53. fxe3 {[%emt 0:00:01]} Rc1+ {[%emt 0:00:01]} 54. Kd2 {[%emt 0:00:02]} Rc4 {[%emt 0:00:01]} 55. Nd7+ {[%emt 0:00:04]} Ke7 {[%emt 0:00:02]} 56. Nb6 Rb4 57. a8=Q {[%emt 0:00:04]} Bxa8 {[%emt 0:00:02]} 58. Nxa8 {[%emt 0:00:01]} Rxb2+ {[%emt 0:00:01]} 59. Kc3 {[%emt 0:00:00]} Rg2 {[%emt 0:00:01]} 60. Rg5 Kf6 61. Rg4 {[%emt 0:00:03]} Kf5 {[%emt 0:00:01]} 62. Rf4+ {[%emt 0:00:03]} Ke5 {[%emt 0:00:01]} 63. g4 {[%emt 0:00:05]} Re2 {[%emt 0:00:04]} 64. Kd3 {[%emt 0:00:01]} Ra2 {[%emt 0:00:07]} 65. Nb6 {[%emt 0:00:01]} Ra3+ {[%emt 0:00:02]} 66. Ke2 {[%emt 0:00:01]} Ra1 {[%emt 0:00:01]} 67. Nc4+ Ke6 68. g5 {[%emt 0:00:03]} Rg1 {[%emt 0:00:02]} 69. Rf6+ {[%emt 0:00:01]} Kd5 {[%emt 0:00:01]} 70. Nb6+ {[%emt 0:00:06]} Ke4 {[%emt 0:00:02]} 71. Rxg6 {[%emt 0:00:03]} Rg2+ {[%emt 0:00:02]} 72. Kf1 {[%emt 0:00:02]} Rb2 {[%emt 0:00:01]} 73. Rf6 {[%emt 0:00:04]} Kxe3 {[%emt 0:00:03]} 74. Nc4+ {[%emt 0:00:01]} 1-0

[Event "RUS-ch Men Blitz 2019"]
[Site "Sochi"]
[Date "2019.10.17"]
[Round "11.23"]
[White "Antipov, Mikhail Al."]
[Black "Shcherbin, Matvei"]
[Result "1/2-1/2"]
[WhiteElo "2567"]
[BlackElo "2366"]
[Annotator "ChessBase"]
[PlyCount "58"]
[EventDate "2019.10.17"]
[EventType "swiss"]
[EventCountry "RUS"]
[SourceTitle "playchess.com"]
[Source "ChessBase"]
[SourceQuality "1"]
[TimeControl "180+2"]

1. e4 {[%emt 0:00:00]} c5 {[%emt 0:00:00]} 2. Nf3 e6 3. b3 {[%emt 0:00:01]} Nf6 {[%emt 0:00:00]} 4. e5 {[%emt 0:00:01]} Nd5 {[%emt 0:00:01]} 5. c4 {[%emt 0:00:02]} Nc7 {[%emt 0:00:01]} 6. Bb2 {[%emt 0:00:01]} Nc6 {[%emt 0:00:01]} 7. g3 {[%emt 0:00:41]} Be7 {[%emt 0:00:01]} 8. Bg2 {[%emt 0:00:04]} O-O {[%emt 0:00:03]} 9. Nc3 {[%emt 0:00:05]} f6 {[%emt 0:00:08]} 10. d4 {[%emt 0:00:50]} cxd4 {[%emt 0:00:09]} 11. Nxd4 {[%emt 0:00:01]} fxe5 {[%emt 0:00:16]} 12. Nc2 {[%emt 0:00:05]} d5 {[%emt 0:01:16]} 13. cxd5 {[%emt 0:00:06]} exd5 {[%emt 0:00:01]} 14. Nxd5 {[%emt 0:00:02]} Nxd5 {[%emt 0:00:13]} 15. Qxd5+ {[%emt 0:00:04]} Kh8 {[%emt 0:00:16]} 16. O-O {[%emt 0:00:02]} Qxd5 {[%emt 0:00:08]} 17. Bxd5 {[%emt 0:00:01]} Bh3 {[%emt 0:00:01]} 18. Rfe1 {[%emt 0:00:06]} Bc5 {[%emt 0:00:00]} 19. Ne3 {[%emt 0:00:09]} Rad8 {[%emt 0:00:08]} 20. Bxc6 {[%emt 0:01:00]} bxc6 {[%emt 0:00:00]} 21. Bc3 {[%emt 0:00:03]} Rd3 {[%emt 0:00:13]} 22. Rac1 {[%emt 0:00:01]} Bxe3 {[%emt 0:00:13]} 23. Rxe3 {[%emt 0:00:02]} Rxe3 {[%emt 0:00:02]} 24. fxe3 {[%emt 0:00:01]} e4 {[%emt 0:00:03]} 25. Rd1 {[%emt 0:00:09]} Kg8 {[%emt 0:00:04]} 26. Bb4 {[%emt 0:00:02]} Rf3 {[%emt 0:00:04]} 27. Rd8+ {[%emt 0:00:01]} Kf7 {[%emt 0:00:03]} 28. Rf8+ {[%emt 0:00:01]} Ke6 {[%emt 0:00:01]} 29. Rxf3 {[%emt 0:00:02]} exf3 {[%emt 0:00:02]} 1/2-1/2

[Event "RUS-ch Men Blitz 2019"]
[Site "Sochi"]
[Date "2019.10.17"]
[Round "11.24"]
[White "Belozerov, Andrei"]
[Black "Stambulian, Arsen"]
[Result "1-0"]
[WhiteElo "2515"]
[BlackElo "2306"]
[Annotator "ChessBase"]
[PlyCount "91"]
[EventDate "2019.10.17"]
[EventType "swiss"]
[EventCountry "RUS"]
[SourceTitle "playchess.com"]
[Source "ChessBase"]
[SourceQuality "1"]
[TimeControl "180+2"]

1. e4 {[%emt 0:00:00]} e5 {[%emt 0:00:00]} 2. Nf3 {[%emt 0:00:01]} Nc6 {[%emt 0:00:00]} 3. Bb5 {[%emt 0:00:02]} a6 {[%emt 0:00:00]} 4. Ba4 {[%emt 0:00:00]} Nf6 {[%emt 0:00:01]} 5. O-O {[%emt 0:00:02]} Be7 {[%emt 0:00:01]} 6. Re1 {[%emt 0:00:01]} b5 {[%emt 0:00:01]} 7. Bb3 {[%emt 0:00:01]} d6 {[%emt 0:00:02]} 8. c3 {[%emt 0:00:01]} O-O {[%emt 0:00:02]} 9. d4 {[%emt 0:00:09]} Bg4 {[%emt 0:00:02]} 10. d5 {[%emt 0:00:02]} Na5 {[%emt 0:00:02]} 11. Bc2 {[%emt 0:00:01]} c6 {[%emt 0:00:01]} 12. h3 {[%emt 0:00:01]} Bc8 {[%emt 0:00:01]} 13. dxc6 {[%emt 0:00:03]} Qc7 {[%emt 0:00:02]} 14. Nbd2 {[%emt 0:00:02]} Qxc6 {[%emt 0:00:06]} 15. Nf1 {[%emt 0:00:04]} Nc4 {[%emt 0:00:14]} 16. a4 {[%emt 0:00:07]} Re8 {[%emt 0:00:16]} 17. Ng3 {[%emt 0:00:05]} Bf8 {[%emt 0:00:15]} 18. axb5 {[%emt 0:00:19]} axb5 {[%emt 0:00:01]} 19. Rxa8 {[%emt 0:00:01]} Qxa8 {[%emt 0:00:01]} 20. b3 {[%emt 0:00:02]} Nb6 {[%emt 0:00:07]} 21. Bg5 {[%emt 0:00:03]} Nfd7 {[%emt 0:00:13]} 22. Nf5 {[%emt 0:00:08]} Qc6 {[%emt 0:00:02]} 23. Qd2 {[%emt 0:00:22]} Nc5 {[%emt 0:00:28]} 24. Bh4 {[%emt 0:00:41]} f6 {[%emt 0:00:08]} 25. g4 {[%emt 0:00:40]} d5 {[%emt 0:00:11]} 26. Ng3 {[%emt 0:00:09]} Be6 {[%emt 0:00:26]} 27. g5 {[%emt 0:00:03]} dxe4 {[%emt 0:00:13]} 28. Nxe4 {[%emt 0:00:03]} f5 {[%emt 0:00:20]} 29. Nxe5 {[%emt 0:00:01]} Nxe4 {[%emt 0:00:13]} 30. Bxe4 {[%emt 0:00:05]} Qc5 {[%emt 0:00:05]} 31. Bc6 {[%emt 0:00:14]} Rc8 {[%emt 0:00:06]} 32. b4 {[%emt 0:00:02]} Qd6 {[%emt 0:00:06]} 33. Qxd6 Bxd6 {[%emt 0:00:01]} 34. Bxb5 {[%emt 0:00:07]} Rxc3 {[%emt 0:00:02]} 35. Bg3 {[%emt 0:00:11]} Bd5 {[%emt 0:00:11]} 36. Nd7 {[%emt 0:00:06]} Bxg3 {[%emt 0:00:02]} 37. Nxb6 {[%emt 0:00:02]} Be4 {[%emt 0:00:06]} 38. fxg3 {[%emt 0:00:04]} Rxg3+ {[%emt 0:00:00]} 39. Kf2 {[%emt 0:00:00]} Rxh3 {[%emt 0:00:01]} 40. Bc4+ {[%emt 0:00:04]} Kf8 {[%emt 0:00:01]} 41. Bd5 {[%emt 0:00:01]} Rh2+ 42. Ke3 {[%emt 0:00:02]} Bc2 {[%emt 0:00:07]} 43. Kf4 {[%emt 0:00:06]} Rf2+ {[%emt 0:00:01]} 44. Ke5 {[%emt 0:00:01]} f4 {[%emt 0:00:04]} 45. Kd6 {[%emt 0:00:01]} Rd2 {[%emt 0:00:03]} 46. Nd7# {[%emt 0:00:01]} 1-0

[Event "RUS-ch Men Blitz 2019"]
[Site "Sochi"]
[Date "2019.10.17"]
[Round "11.25"]
[White "Samusenko, Maksim"]
[Black "Dashko, Andrey"]
[Result "0-1"]
[WhiteElo "2445"]
[BlackElo "2219"]
[Annotator "NA"]
[PlyCount "74"]
[EventDate "2019.10.17"]
[EventType "swiss"]
[EventCountry "RUS"]
[SourceTitle "playchess.com"]
[Source "ChessBase"]
[SourceQuality "1"]
[TimeControl "180+2"]

1. d4 {[%emt 0:00:00]} Nf6 {[%emt 0:00:00]} 2. Bf4 {[%emt 0:00:00]} c5 {[%emt 0:00:03]} 3. e3 {[%emt 0:00:01]} e6 {[%emt 0:00:02]} 4. c3 {[%emt 0:00:03]} b6 {[%emt 0:00:02]} 5. Nd2 {[%emt 0:00:02]} Bb7 {[%emt 0:00:01]} 6. Ngf3 {[%emt 0:00:02]} Be7 {[%emt 0:00:01]} 7. h3 {[%emt 0:00:01]} O-O {[%emt 0:00:02]} 8. Bd3 {[%emt 0:00:01]} d6 {[%emt 0:00:01]} 9. O-O {[%emt 0:00:03]} Nbd7 {[%emt 0:00:02]} 10. Qe2 {[%emt 0:00:06]} Re8 {[%emt 0:00:07]} 11. Bh2 {[%emt 0:00:04]} Nf8 {[%emt 0:00:02]} 12. e4 {[%emt 0:00:10]} Ng6 {[%emt 0:00:02]} 13. Rad1 {[%emt 0:00:08]} Qc8 {[%emt 0:00:02]} 14. dxc5 {[%emt 0:00:14]} dxc5 {[%emt 0:00:10]} 15. Nc4 {[%emt 0:00:07]} Rd8 {[%emt 0:00:04]} 16. a4 {[%emt 0:00:07]} Bc6 {[%emt 0:00:12]} 17. b3 {[%emt 0:00:06]} Qb7 {[%emt 0:00:02]} 18. Ncd2 {[%emt 0:00:30]} c4 {[%emt 0:00:20]} 19. Nxc4 {[%emt 0:00:29]} Nxe4 {[%emt 0:00:18]} 20. Qc2 {[%emt 0:00:09]} Nf6 {[%emt 0:00:37]} 21. Be2 {[%emt 0:00:03]} Rxd1 {[%emt 0:00:17]} 22. Rxd1 {[%emt 0:00:01]} Rc8 {[%emt 0:00:02]} 23. Nce5 {[%emt 0:00:35]} Nxe5 {[%emt 0:00:18]} 24. Bxe5 {[%emt 0:00:02]} Be4 {[%emt 0:00:01]} 25. Qd2 {[%emt 0:00:05]} h6 {[%emt 0:00:04]} 26. c4 {[%emt 0:00:06]} Rd8 {[%emt 0:00:15]} 27. Qc1 {[%emt 0:00:02]} Rxd1+ {[%emt 0:00:08]} 28. Qxd1 {[%emt 0:00:00]} Nd7 {[%emt 0:00:02]} 29. Bf4 {[%emt 0:00:07]} a5 {[%emt 0:00:03]} 30. Ne1 {[%emt 0:00:15]} Nc5 {[%emt 0:00:01]} 31. Be3 {[%emt 0:00:04]} Bf6 {[%emt 0:00:19]} 32. f3 {[%emt 0:00:07]} Bc6 {[%emt 0:00:03]} 33. Nd3 {[%emt 0:00:01]} Nd7 {[%emt 0:00:06]} 34. Bf1 {[%emt 0:00:04]} g5 {[%emt 0:00:09]} 35. Nf2 {[%emt 0:00:02]} Nc5 {[%emt 0:00:05]} 36. Qc2 {[%emt 0:00:04]} Qc7 {[%emt 0:00:03]} 37. Nd3 {[%emt 0:00:02]} Be7 {[%emt 0:00:08]} 0-1

[Event "RUS-ch Men Blitz 2019"]
[Site "Sochi"]
[Date "2019.10.17"]
[Round "11.26"]
[White "Bryakin, Mikhail"]
[Black "Skvortsov, Andrei"]
[Result "1-0"]
[WhiteElo "2440"]
[BlackElo "2139"]
[Annotator "NA"]
[PlyCount "105"]
[EventDate "2019.10.17"]
[EventType "swiss"]
[EventCountry "RUS"]
[SourceTitle "playchess.com"]
[Source "ChessBase"]
[SourceQuality "1"]
[TimeControl "180+2"]

1. d4 {[%emt 0:00:00]} d5 {[%emt 0:00:00]} 2. Nf3 {[%emt 0:00:00]} Nf6 {[%emt 0:00:00]} 3. c4 {[%emt 0:00:01]} c6 {[%emt 0:00:01]} 4. g3 {[%emt 0:00:02]} dxc4 {[%emt 0:00:07]} 5. Bg2 {[%emt 0:00:01]} g6 {[%emt 0:00:03]} 6. a4 {[%emt 0:00:05]} a5 {[%emt 0:00:05]} 7. Na3 {[%emt 0:00:02]} Bg7 {[%emt 0:00:02]} 8. Nxc4 {[%emt 0:00:02]} O-O {[%emt 0:00:03]} 9. O-O {[%emt 0:00:02]} Nd5 {[%emt 0:00:06]} 10. e4 {[%emt 0:00:04]} Nb4 {[%emt 0:00:00]} 11. h4 {[%emt 0:00:09]} Bg4 {[%emt 0:00:01]} 12. Be3 {[%emt 0:00:03]} b5 {[%emt 0:00:09]} 13. Na3 {[%emt 0:00:06]} e5 {[%emt 0:00:12]} 14. dxe5 {[%emt 0:00:15]} Qxd1 {[%emt 0:00:05]} 15. Raxd1 {[%emt 0:00:02]} bxa4 {[%emt 0:00:06]} 16. Nc4 {[%emt 0:00:09]} Nd7 {[%emt 0:00:09]} 17. Bd4 {[%emt 0:00:19]} Rfb8 {[%emt 0:00:13]} 18. Bc3 {[%emt 0:00:06]} Be6 {[%emt 0:00:02]} 19. Nfd2 {[%emt 0:00:17]} Nc5 {[%emt 0:00:04]} 20. f4 Na2 {[%emt 0:00:10]} 21. Bd4 {[%emt 0:00:08]} Nb3 {[%emt 0:00:04]} 22. Be3 {[%emt 0:00:14]} Nxd2 {[%emt 0:00:03]} 23. Nxd2 {[%emt 0:00:02]} Rxb2 {[%emt 0:00:04]} 24. Nb1 {[%emt 0:00:15]} Bg4 {[%emt 0:00:06]} 25. Rd2 {[%emt 0:00:04]} Rxd2 {[%emt 0:00:11]} 26. Nxd2 {[%emt 0:00:01]} Nc3 {[%emt 0:00:07]} 27. Ra1 {[%emt 0:00:05]} Bf8 {[%emt 0:00:06]} 28. Nc4 {[%emt 0:00:06]} Ra6 {[%emt 0:00:19]} 29. Nd6 {[%emt 0:00:01]} Be6 {[%emt 0:00:26]} 30. Bc5 {[%emt 0:00:08]} Bb3 {[%emt 0:00:05]} 31. f5 {[%emt 0:00:08]} Ra8 {[%emt 0:00:10]} 32. Kf2 {[%emt 0:00:06]} Bg7 {[%emt 0:00:04]} 33. f6 {[%emt 0:00:12]} Bh6 {[%emt 0:00:08]} 34. Bf1 {[%emt 0:00:03]} Bf8 {[%emt 0:00:07]} 35. Ke3 {[%emt 0:00:03]} Rb8 {[%emt 0:00:14]} 36. Bd3 {[%emt 0:00:10]} Nb5 {[%emt 0:00:03]} 37. Kf4 {[%emt 0:00:14]} Rd8 {[%emt 0:00:01]} 38. Bxb5 {[%emt 0:00:15]} Bxd6 {[%emt 0:00:01]} 39. exd6 {[%emt 0:00:09]} cxb5 {[%emt 0:00:01]} 40. e5 {[%emt 0:00:03]} Be6 {[%emt 0:00:08]} 41. Ke4 {[%emt 0:00:05]} h6 {[%emt 0:00:03]} 42. Kd4 {[%emt 0:00:01]} Bc4 {[%emt 0:00:02]} 43. Bb6 {[%emt 0:00:02]} Rd7 {[%emt 0:00:03]} 44. Bxa5 {[%emt 0:00:01]} Kh7 {[%emt 0:00:04]} 45. Kc5 {[%emt 0:00:02]} Ra7 {[%emt 0:00:03]} 46. Bb6 {[%emt 0:00:01]} Rd7 {[%emt 0:00:02]} 47. Ba5 {[%emt 0:00:01]} g5 {[%emt 0:00:02]} 48. h5 {[%emt 0:00:02]} Be2 {[%emt 0:00:01]} 49. Kc6 {[%emt 0:00:00]} Bg4 {[%emt 0:00:03]} 50. Kxb5 {[%emt 0:00:02]} Bxh5 {[%emt 0:00:01]} 51. Kc6 {[%emt 0:00:00]} Bg4 {[%emt 0:00:01]} 52. Rxa4 {[%emt 0:00:01]} Kg6 {[%emt 0:00:01]} 53. Rxg4 {[%emt 0:00:01]} 1-0

[Event "RUS-ch Men Blitz 2019"]
[Site "Sochi"]
[Date "2019.10.17"]
[Round "11.27"]
[White "Eraschenkov, Denis"]
[Black "Cherenkov, Andrey"]
[Result "1-0"]
[WhiteElo "2382"]
[BlackElo "2221"]
[Annotator "NA"]
[PlyCount "99"]
[EventDate "2019.10.17"]
[EventType "swiss"]
[EventCountry "RUS"]
[SourceTitle "playchess.com"]
[Source "ChessBase"]
[SourceQuality "1"]
[TimeControl "180+2"]

1. e4 {[%emt 0:00:00]} c6 {[%emt 0:00:04]} 2. d4 {[%emt 0:00:05]} d5 {[%emt 0:00:01]} 3. exd5 {[%emt 0:00:01]} cxd5 {[%emt 0:00:01]} 4. c4 {[%emt 0:00:02]} Nf6 {[%emt 0:00:01]} 5. Nc3 {[%emt 0:00:01]} g6 {[%emt 0:00:01]} 6. cxd5 {[%emt 0:00:02]} Bg7 {[%emt 0:00:02]} 7. Qb3 {[%emt 0:00:02]} O-O {[%emt 0:00:02]} 8. Be2 {[%emt 0:00:02]} Qb6 {[%emt 0:00:04]} 9. Bf3 {[%emt 0:00:13]} Qxb3 {[%emt 0:00:04]} 10. axb3 {[%emt 0:00:01]} Na6 {[%emt 0:00:01]} 11. Nge2 {[%emt 0:00:06]} Nb4 {[%emt 0:00:02]} 12. O-O {[%emt 0:00:12]} Rd8 {[%emt 0:00:02]} 13. d6 {[%emt 0:00:02]} exd6 {[%emt 0:00:25]} 14. Nb5 {[%emt 0:00:41]} Be6 {[%emt 0:00:27]} 15. Nc7 {[%emt 0:00:07]} Nc2 {[%emt 0:00:28]} 16. Ra5 {[%emt 0:00:18]} b6 {[%emt 0:00:11]} 17. Ra6 {[%emt 0:00:14]} Rac8 {[%emt 0:00:19]} 18. Nxe6 {[%emt 0:00:06]} fxe6 {[%emt 0:00:02]} 19. Rxa7 {[%emt 0:00:01]} d5 {[%emt 0:00:38]} 20. Bf4 {[%emt 0:00:24]} Ne8 {[%emt 0:00:09]} 21. Bg4 {[%emt 0:00:14]} Rc6 {[%emt 0:00:06]} 22. Re7 {[%emt 0:00:16]} Nxd4 {[%emt 0:00:13]} 23. Nxd4 {[%emt 0:00:02]} Bxd4 {[%emt 0:00:01]} 24. Rxe6 {[%emt 0:00:06]} Rxe6 {[%emt 0:00:04]} 25. Bxe6+ {[%emt 0:00:01]} Kg7 {[%emt 0:00:01]} 26. Rd1 {[%emt 0:00:06]} Bxb2 {[%emt 0:00:12]} 27. Rxd5 {[%emt 0:00:01]} Rxd5 {[%emt 0:00:03]} 28. Bxd5 {[%emt 0:00:02]} Bd4 {[%emt 0:00:05]} 29. g3 {[%emt 0:00:04]} Nf6 {[%emt 0:00:00]} 30. Bf3 {[%emt 0:00:05]} Kf7 {[%emt 0:00:01]} 31. Kg2 {[%emt 0:00:02]} Ke6 {[%emt 0:00:01]} 32. h4 {[%emt 0:00:04]} Nd5 {[%emt 0:00:05]} 33. Bd2 {[%emt 0:00:01]} b5 {[%emt 0:00:04]} 34. Be4 {[%emt 0:00:03]} Nc3 {[%emt 0:00:01]} 35. Bd3 {[%emt 0:00:04]} b4 {[%emt 0:00:03]} 36. h5 {[%emt 0:00:03]} gxh5 {[%emt 0:00:01]} 37. Bxh7 {[%emt 0:00:01]} Bc5 {[%emt 0:00:02]} 38. Bg6 {[%emt 0:00:02]} Nd1 {[%emt 0:00:03]} 39. Be1 {[%emt 0:00:03]} h4 {[%emt 0:00:05]} 40. gxh4 {[%emt 0:00:02]} Nb2 {[%emt 0:00:01]} 41. Bc2 {[%emt 0:00:03]} Kd5 {[%emt 0:00:03]} 42. h5 {[%emt 0:00:02]} Bf8 {[%emt 0:00:01]} 43. Bd2 {[%emt 0:00:01]} Kd4 {[%emt 0:00:02]} 44. h6 {[%emt 0:00:02]} Nd3 {[%emt 0:00:02]} 45. Bxd3 {[%emt 0:00:02]} Kxd3 {[%emt 0:00:00]} 46. h7 {[%emt 0:00:01]} Bg7 {[%emt 0:00:04]} 47. Bxb4 {[%emt 0:00:02]} Kc2 {[%emt 0:00:00]} 48. Bd6 {[%emt 0:00:03]} Kxb3 {[%emt 0:00:00]} 49. Kf3 {[%emt 0:00:01]} Kc4 {[%emt 0:00:00]} 50. Ke4 {[%emt 0:00:01]} 1-0